00954nam a2200181 a 450000100100000000500170001000800410002702000150006804000250008308200200010824500300012826000680015830000210022650504440024765000350069165000270072671000190075300001146020240412074226.0091019s2000 dr 000 d spa d a9993450030 aDO-SdBNPbspacBNPHU aRD862.44bP925t00aPremios de teatro 1999 /. aSanto Domingo :bGrupo León JiménezbEditora Taller,c2000. a401 p. ;c20 cm.0 aEl Barbero de Saint Ann Street / Frank Disla, pseudónimo: Vasco de Quiroja -- Un nuevo sol nacerá cuando todo termine / Efraín Castillo, pseudónimo: Amberson Pérez -- Desayuno en rojo chino / Lenin Comprés, pseudónimo: Xor -- Chinchorro / Gyana Elizabeth Tejada, pseudónimo: "Rosita X" -- La danza del crepúsculo / Angelo Valenzuela, pseudónimo: Un tipo raro -- La mercancía / Aquiles Julián, pseudónimo: Maigret. 4aTeatro dominicanoxColecciones 0aLiteratura dominicana.1 aCasa de Teatro